| 000 | 00639nam a2200205Ia 4500 | ||
|---|---|---|---|
| 003 | OSt | ||
| 005 | 20240614105618.0 | ||
| 008 | 210210b1992 xxu||||| |||| 00| 0 eng d | ||
| 040 | _cAL | ||
| 041 | _aTulu | ||
| 082 | _aT894.2 GANB | ||
| 100 |
_aGANGADHAR KIDIYUR. _dಗಂಗಾಧರ ಕಿದಿಯೂರು _9170787 |
||
| 245 |
_aBadukonji sarigama. _bಬದುಕೊಂಜಿ ಸರಿಗಮ |
||
| 260 |
_aUdupi _bMadhushri Prakashana _c1992 |
||
| 300 | _a11,83,13 | ||
| 650 |
_a ತುಳು ಸಾಮಾಜಿಕ ನಾಟಕ tulu samajika nataka _9170788 |
||
| 690 |
_aTulu Drama _9170789 |
||
| 906 | _a047844 | ||
| 942 |
_2ddc _cBK |
||
| 999 |
_c97035 _d97035 |
||